| 000 | 00607cam a2200229ua 4500 | ||
|---|---|---|---|
| 001 | 9316 | ||
| 008 | 150420n ii |||gr||||Z||||||asm | ||
| 020 | _a9788191908303 | ||
| 040 | _cMAIN | ||
| 041 | _aasm | ||
| 082 | _a370.954 | ||
| 100 |
_aChaliha, Beda Kumar, _eAuthor. |
||
| 245 | 1 | 2 |
_aSnatak mahalar bharatar sikshar itihash _cby Beda Kumar Chaliha |
| 250 | _a2nd rev. | ||
| 260 |
_aJorhat: _bBidya bhawan, _c2012. |
||
| 300 | _a310p. | ||
| 653 | _aEducation | ||
| 653 | _aHistory of Indian education | ||
| 700 |
_aSaikia, Tarun, _eAuthor. |
||
| 700 |
_aSaikia, Runu Bora, _eAuthor. |
||
| 942 | _cBK | ||
| 999 |
_c8379 _d8379 |
||